ბათუმის შოთა რუსთაველის სახელმწიფო უნივერსიტეტის ბიბლიოთეკა

ნაგებობათა გამოცდა / (ბიბ.ჩანაწერი № 39610)

000 -ლიდერი
ფიქსირებული სიგრძის საკონტროლო ველი 00900nam a2200229Ia 4500
001 - საკონტროლო ნომერი
საკონტროლო ველი 6210
003 - საკონტროლო ნომრის იდენტიფიკატორი
საკონტროლო ველი GE_BSU
005 - ბოლო ოპერაციის თარიღი და დრო
საკონტროლო ველი 20190424112505.0
008 - ფიქსირებული სიგრძის მონაცემთა ელემენტები - ზოგადი ინფორმაცია
ფიქსირებული სიგრძის საკონტროლო ველი 181216s1962ge xx |||||||||||||| ||geo||
040 ## - კატალოგიზაციის წყარო
Transcribing agency GE_BSU
041 ## - ენის კოდი
Language code of text/sound track or separate title geo
080 ## - უნივერსალური ათობითი კლასიფიკაციის ინდექსი
Universal Decimal Classification number 624.01.001.4 დ-72
100 ## - მთავარი ჩანაწერი - პიროვნების სახელი
Personal name დოლიძე, დ.
9 (RLIN) 452
245 ## - ცნობა სათაურის შესახებ
Title ნაგებობათა გამოცდა /
Statement of responsibility, etc დ, დოლიძე ; რედ. : გ.მუხაძე, ა.კაკუბაძე.
264 ## - წარმოების, გამოცემის, დისტრიბუციის და სხვა ცნობები
გამოცემის, წარმოების, დისტრიბუციის... ადგილი თბილისი :
გამოცემის, წარმოების, დისტრიბუციის... სახელწოდება სპი,
გამოცემის, წარმოების, დისტრიბუციის... თარიღი 1962.
300 ## - ფიზიკური აღწერა
Extent 228გვ. :
Other physical details ილ. ;
Dimensions 22 სმ.
653 ## - INDEX TERM--UNCONTROLLED
Uncontrolled term ნაგებობათა გამოცდა
653 ## - INDEX TERM--UNCONTROLLED
Uncontrolled term სამშენებლო ნაგებობები
700 ## - ADDED ENTRY--PERSONAL NAME
Personal name გ. მუხაძე
Relator term რედაქტორი.
9 (RLIN) 453
700 ## - ADDED ENTRY--PERSONAL NAME
Personal name ა.კაკუბაძე
Relator term რედაქტორი.
9 (RLIN) 454
942 ## - ADDED ENTRY ELEMENTS (KOHA)
Koha item type წიგნი
Source of classification or shelving scheme
ეგზემპლარები
ჩამოწერის სტატუსი დაკარგული ეგზემპლარის სტატუსი კლასიფიკაციის წყარო ან თაროზე გაწყობის სქემა დაზიანების სტატუსი არ გაიცემა მუდმივი მდებარეობა (დაცვის ადგილი) ამჟამინდელი ადგილსამყოფელი თაროზე განთავსების ადგილი შეძენის თარიღი ღირებულება, შესყიდვის ნორმალური ფასი სრული შენახვის შიფრი შტრიხკოდი ბოლო ოპერაციის თარიღი ეგზემპლარის მიმდევრობითი ნომერი (კეტერი?) ფასის ძალაში შესვლის თარიღი ეგზემპლარის სახეობა საჯარო შენიშვნა
          ტექნოლოგიური ფაკულტეტის ბიბლიოთეკა ტექნოლოგიური ფაკულტეტის ბიბლიოთეკა წიგნსაცავი 2018-12-17 1.36 624.01.001.4 დ-72 11344 2018-12-17 11344 2018-12-17 წიგნი 1.36 ლ.
          ტექნოლოგიური ფაკულტეტის ბიბლიოთეკა ტექნოლოგიური ფაკულტეტის ბიბლიოთეკა წიგნსაცავი 2018-12-17 1.36 624.01.001.4 დ-72 11345 2018-12-17 11345 2018-12-17 წიგნი 1.36 ლ.